[Event "Roncana op-C 10th"]
[Site "Santa Eulalia de Roncana"]
[Date "2016.10.22"]
[Round "5"]
[White "Salinas Tomas, Daniel"]
[Black "Rodriguez Manzaneque, Trejo Erick"]
[Result "1/2-1/2"]
[WhiteElo "1473"]
[BlackElo "1718"]
[PlyCount "48"]
[EventDate "2016.09.24"]
[EventType "swiss"]
[EventRounds "8"]
[EventCountry "ESP"]
[SourceTitle "EXT 2022"]
[Source "ChessBase"]
[SourceDate "2021.10.06"]
[SourceVersion "1"]
[SourceVersionDate "2021.10.06"]
[SourceQuality "1"]

1. e4 e6 2. d4 d5 3. exd5 exd5 4. Nf3 Nf6 5. c4 c6 6. Nc3 Bb4 7. Bd2 0-0 8. cxd5 cxd5 9. Bd3 Re8+ 10. Be2 Bxc3 11. bxc3 Bg4 12. 0-0 Ne4 13. Re1 Qd6 14. h3 Bd7 15. Rb1 Qg6 16. Nh4 Qf6 17. Nf3 Qg6 18. Nh4 Qf6 19. Nf3 Nxd2 20. Qxd2 Qg6 21. Qg5 Qc2 22. Bf1 Nc6 23. Qd2 Qg6 24. Qg5 Qc2 1/2-1/2

[Event "Roncana op-C 9th"]
[Site "Santa Eulalia de Roncana"]
[Date "2015.11.21"]
[Round "7"]
[White "Rodriguez Manzaneque, Trejo Erick"]
[Black "Espada Espanol, Tura"]
[Result "0-1"]
[WhiteElo "1724"]
[BlackElo "1770"]
[PlyCount "54"]
[EventDate "2015.10.03"]
[EventType "swiss"]
[EventRounds "8"]
[EventCountry "ESP"]
[SourceTitle "EXT 2017"]
[Source "ChessBase"]
[SourceDate "2016.10.25"]
[SourceVersion "1"]
[SourceVersionDate "2016.10.25"]
[SourceQuality "1"]

1. e4 e6 2. d4 d5 3. e5 c5 4. c3 Nc6 5. Nf3 Qb6 6. Qe2 Bd7 7. a3 Nge7 8. b4 cxb4 9. axb4 Nf5 10. Ba3 Be7 11. b5 Na5 12. Bxe7 Nxe7 13. Qc2 Bxb5 14. Bxb5+ Qxb5 15. Na3 Qb6 16. Ng5 Ng6 17. Qa4+ Nc6 18. Nb5 0-0 19. Rb1 Qd8 20. Nd6 Qxg5 21. Nxb7 Qxg2 22. Rf1 Qe4+ 23. Kd2 Nf4 24. Qc2 Qe2+ 25. Kc1 Nd3+ 26. Qxd3 Qxd3 27. Nc5 Qxf1+ 0-1

[Event "Roncana op-C 9th"]
[Site "Santa Eulalia de Roncana"]
[Date "2015.11.14"]
[Round "6"]
[White "Vallejo Ferreira, Enric"]
[Black "Rodriguez Manzaneque, Trejo Erick"]
[Result "0-1"]
[WhiteElo "1697"]
[BlackElo "1724"]
[PlyCount "68"]
[EventDate "2015.10.03"]
[EventType "swiss"]
[EventRounds "8"]
[EventCountry "ESP"]
[SourceTitle "EXT 2017"]
[Source "ChessBase"]
[SourceDate "2016.10.25"]
[SourceVersion "1"]
[SourceVersionDate "2016.10.25"]
[SourceQuality "1"]

1. e4 e5 2. Nf3 Nc6 3. Bc4 d6 4. d3 Bg4 5. 0-0 Nd4 6. Nbd2 c6 7. b3 d5 8. c3 Ne6 9. exd5 cxd5 10. Bb5+ Ke7 11. Qe1 g6 12. d4 Bxf3 13. Nxf3 exd4 14. Ng5 Qd6 15. cxd4 Nh6 16. Bd2 Kf6 17. Qe3 Nf5 18. b4 Nxe3 19. fxe3+ Kg7 20. e4 Nxg5 21. Bf4 Qxb4 22. Rab1 Qxd4+ 23. Be3 Qxe3+ 24. Kh1 Nh3 25. gxh3 Qxe4+ 26. Kg1 Bc5+ 27. Rf2 Qxb1+ 28. Kg2 Qxb5 29. Rf1 Qb2+ 30. Kg3 Qe5+ 31. Kg2 Qe2+ 32. Kg3 Qxf1 33. a3 Bd6+ 34. Kg4 Qf4# 0-1

[Event "Roncana op-C 8th"]
[Site "Santa Eulalia de Roncana"]
[Date "2014.11.29"]
[Round "7"]
[White "Espada Espanol, Tura"]
[Black "Rodriguez Manzaneque, Trejo Erick"]
[Result "1-0"]
[WhiteElo "1747"]
[BlackElo "1701"]
[PlyCount "37"]
[EventDate "2014.10.11"]
[EventType "swiss"]
[EventRounds "8"]
[EventCountry "ESP"]
[SourceTitle "EXT 2022"]
[Source "ChessBase"]
[SourceDate "2021.10.06"]
[SourceVersion "1"]
[SourceVersionDate "2021.10.06"]
[SourceQuality "1"]

1. e4 e6 2. d4 Nf6 3. e5 Ne4 4. Nf3 d6 5. Bd3 d5 6. 0-0 Nc6 7. Re1 Bb4 8. c3 Be7 9. Nbd2 Ng5 10. Nf1 Nxf3+ 11. Qxf3 0-0 12. Qg4 f6 13. Bh6 Rf7 14. Re3 Qd7 15. Rg3 g5 16. Qh5 Qe8 17. Bg7 Kxg7 18. Qxh7+ Kf8 19. Qh8# 1-0

[Event "Roncana op-C U14 7th"]
[Site "Santa Eulalia de Roncana"]
[Date "2013.11.16"]
[Round "6"]
[White "Guerrero Baez, Indira"]
[Black "Rodriguez Manzaneque, Trejo Erick"]
[Result "1-0"]
[WhiteElo "1710"]
[BlackElo "1700"]
[PlyCount "27"]
[EventDate "2013.10.05"]
[EventType "swiss"]
[EventRounds "8"]
[EventCountry "ESP"]
[SourceTitle "EXT 2015"]
[Source "ChessBase"]
[SourceDate "2014.11.20"]
[SourceVersion "1"]
[SourceVersionDate "2014.11.20"]
[SourceQuality "1"]

1. e4 e5 2. Nf3 Nc6 3. Bc4 Bb4 4. c3 d5 5. exd5 Bd7 6. dxc6 Bxc6 7. cxb4 Qd7 8. Ng5 Ba4 9. b3 Bb5 10. Nxf7 Bxc4 11. Nxh8 Bd3 12. Nc3 Qd4 13. Qh5+ Kf8 14. Qf7# 1-0

[Event "Roncana op-C 6th"]
[Site "Santa Eulalia de Roncana"]
[Date "2012.12.01"]
[Round "8.15"]
[White "Rodriguez Manzaneque, Trejo Erick"]
[Black "Guerrero Baez, Indira"]
[Result "0-1"]
[WhiteElo "1700"]
[BlackElo "1700"]
[PlyCount "71"]
[EventDate "2012.10.06"]
[EventType "swiss"]
[EventRounds "8"]
[EventCountry "ESP"]
[SourceTitle "EXT 2024"]
[Source "ChessBase"]
[SourceDate "2023.10.10"]
[SourceVersion "1"]
[SourceVersionDate "2023.10.10"]
[SourceQuality "1"]

1. e4 e5 2. Nf3 Nc6 3. Nc3 Bc5 4. Bc4 Nf6 5. 0-0 0-0 6. d4 exd4 7. Na4 d5 8. Nxc5 dxc4 9. c3 Bg4 10. Nxb7 Qd7 11. Nc5 Qd6 12. Nb7 Qd7 13. Nxd4 Ne5 14. f3 Be6 15. Nc5 Qd6 16. Nb7 Qb6 17. Nc5 Qxc5 18. a3 Nd3 19. Bd2 Nxb2 20. Qb1 Qb6 21. Ra2 Na4 22. Qa1 c5 23. Nxe6 fxe6 24. Rf2 Rad8 25. e5 Nh5 26. Rc2 Qc7 27. Rc1 Qxe5 28. f4 Qf5 29. Qb1 Qg4 30. Rf3 e5 31. f5 e4 32. Rg3 Nxg3 33. Be1 Rxf5 34. Bxg3 Qe2 35. Rc2 Rd2 36. Qf1 0-1

[Event "Roncana op-C 6th"]
[Site "Santa Eulalia de Roncana"]
[Date "2012.11.17"]
[Round "6.15"]
[White "Punsola Mena, Pol"]
[Black "Rodriguez Manzaneque, Trejo Erick"]
[Result "1-0"]
[WhiteElo "1755"]
[BlackElo "1700"]
[PlyCount "55"]
[EventDate "2012.10.06"]
[EventType "swiss"]
[EventRounds "8"]
[EventCountry "ESP"]
[SourceTitle "EXT 2024"]
[Source "ChessBase"]
[SourceDate "2023.10.10"]
[SourceVersion "1"]
[SourceVersionDate "2023.10.10"]
[SourceQuality "1"]

1. e4 e5 2. Nf3 Nc6 3. Bc4 Nf6 4. Ng5 Bc5 5. Nxf7 Qe7 6. Nxh8 h5 7. Bf7+ Kf8 8. Ng6+ Kxf7 9. Nxe7 Kxe7 10. Nc3 a6 11. d3 b5 12. 0-0 a5 13. Nxb5 Ba6 14. Nxc7 Rc8 15. Nxa6 Ba7 16. Bg5 h4 17. Bxh4 Rc7 18. Nxc7 Bb6 19. Nd5+ Kd6 20. Nxb6 Nh5 21. Qxh5 g6 22. Qxg6+ Kc7 23. Nd5+ Kc8 24. Qe8+ Kb7 25. Qxd7+ Ka6 26. Qxc6+ Ka7 27. Qb6+ Ka8 28. Nc7# 1-0